Îles les plus peuplées du monde. - Statistiques

Statistiques générales
  • Ce quiz a été pris 118 fois
  • Le résultat moyen est 5 sur 10
Statistiques - réponses
Population
Île
% Correct
25.6 Madagascar
84%
62.6 Grande-Bretagne
68%
21.2 Sri Lanka
66%
141.3 Java
56%
23.5 Taïwan
54%
104.0 Honshū
49%
21.3 Bornéo
47%
50.2 Sumatra
45%
53.3 Luçon
29%
21.9 Mindanao
15%
Aucun quiz correspondant
Distribution des résultats
% des personnes avec chaque résultat
Percentile par nombre de réponses
Votre historique - résultats
Vous n’avez pas pris ce quiz